Neurologic disorders / (Record no. 13534)

000 -LEADER
fixed length control field 00490cam a2200181 a 4500
020 ## - INTERNATIONAL STANDARD BOOK NUMBER
ISBN 0801613728
040 ## - CATALOGING SOURCE
Transcribing agency DLC
082 00 - DEWEY DECIMAL CLASSIFICATION NUMBER
Classification number 616 MOS 1992 A046 Or.
100 1# - MAIN ENTRY--AUTHOR NAME
Personal name Chipps, Esther M.
245 10 - TITLE STATEMENT
Title Neurologic disorders /
260 ## - PUBLICATION, DISTRIBUTION, ETC. (IMPRINT)
Place of publication St. Louis :
Name of publisher Mosby Year Book,
Year of publication c1992.
300 ## - PHYSICAL DESCRIPTION
Number of Pages ix, 325 p. :
Other physical details ill. (some col.) ;
Dimensions 29 cm.
650 #0 - SUBJECT ADDED ENTRY--TOPICAL TERM
Topical Term Neurological nursing.
650 #2 - SUBJECT ADDED ENTRY--TOPICAL TERM
Topical Term Nervous System Diseases
700 1# - ADDED ENTRY--PERSONAL NAME
Personal name Clanin, Norma J.
700 1# - ADDED ENTRY--PERSONAL NAME
Personal name Campbell, Victor G.
942 ## - ADDED ENTRY ELEMENTS (KOHA)
Koha item type សៀវភៅភាសាអង់គ្លេស
952 ## - LOCATION AND ITEM INFORMATION (KOHA)
Withdrawn status [LOCAL, KOHA] 0
Holdings
Permanent Location Date acquired Koha item type Lost status Shelving location Barcode Current Location Full call number
Library Block A2017-08-27សៀវភៅភាសាអង់គ្លេស A083A14895Library Block A616 MOS 1992 A083 Or.
មជ្ឈមណ្ឌលឯការនៃសាកលវិទ្យាល័យភូមិន្ទកសិកម្មចំការដូង

Powered by Koha